000 00430nam a2200145Ia 4500
008 100122s9999 xx 000 0 und d
082 _b38884
_a294.5
100 _aTAPOVANAM SRIRAMKRISHNA
245 _aTHE MAN MAKING MESSAGE OF VEVEKANANDA
260 _bSRI RAMAKRISHNA TAPOVANAM
_c1905
300 _a208
630 _aTHE MAN MAKING MESSAGE OF VEVEKANANDA
730 _aTHE MAN MAKING MESSAGE OF VEVEKANANDA
942 _cBOOK
999 _c372194
_d372191